Central Library OPAC University of Rajshahi

ভারত চন্দ্র গ্রন্থাবলী / (Record no. 44675)

MARC details
000 -LEADER
fixed length control field 00949nam a22002297a 4500
001 - CONTROL NUMBER
control field 44675
003 - CONTROL NUMBER IDENTIFIER
rucl marc code BD-RjUL
005 - DATE AND TIME OF LATEST TRANSACTION
control field 20211209053911.0
008 - FIXED-LENGTH DATA ELEMENTS--GENERAL INFORMATION
fixed length control field 160719s1948 bg ||||| |||| 00| 0 ben d
035 ## - SYSTEM CONTROL NUMBER
System control number (BD-RjUL)44793
040 ## - CATALOGING SOURCE
Original cataloging agency BD-RjUL
Language of cataloging ben
Transcribing agency BD-RjUL
041 ## - LANGUAGE CODE
Language code of text/sound track or separate title ben
082 ## - DEWEY DECIMAL CLASSIFICATION NUMBER
Edition number 23
Classification number 891.441
Author mark and year BAB 1948
100 1# - MAIN ENTRY--PERSONAL NAME
Personal name বন্দ্যোপাধ্যায়, ব্রজেন্দ্র নাথ
9 (RLIN) 137015
245 10 - TITLE STATEMENT
Title ভারত চন্দ্র গ্রন্থাবলী /
Remainder of title বন্দ্যোপাধ্যায় ব্রজেন্দ্র নাথ
250 ## - EDITION STATEMENT
Edition statement ২য় সং.
260 ## - PUBLICATION, DISTRIBUTION, ETC. (IMPRINT)
Place of publication, distribution, etc. কলকাতা :
Name of publisher, distributor, etc. বঙ্গীয় সাহিত্য পরিষদ,
Date of publication, distribution, etc. ১৯৪৮.
300 ## - PHYSICAL DESCRIPTION
Pagination ৪৮৪ পৃ. ;
Size ২৪ সেমি.
650 ## - SUBJECT ADDED ENTRY--TOPICAL TERM
Topical term or geographic name as entry element বাংলা সাহিত্য --- কবিতা
9 (RLIN) 136324
Topical term or geographic name as entry element Bengali Literature---Poetry
9 (RLIN) 136325
942 ## - ADDED ENTRY ELEMENTS (KOHA)
Source of classification or shelving scheme Dewey Decimal Classification
Koha item type Books
Holdings
Lost status Source of classification or shelving scheme Damaged status Not for loan Collection code Permanent Location Current Location Shelving location Date acquired Source of acquisition Cost, normal purchase price Total Checkouts Full call number Date last seen Copy number Koha item type
  Dewey Decimal Classification   Not For Loan Non-fiction Central Library, University of Rajshahi Central Library, University of Rajshahi Reading Room 28/01/1958 Calcutta, Kamala Book 8.00   B 891.441 BAB 1948 19/07/2016 C-1 Books
  Dewey Decimal Classification     Non-fiction Central Library, University of Rajshahi Central Library, University of Rajshahi   04/03/1957 Kamal book 10.00   B 891.441 BAB 1950 22/02/2017 C-2 Books